| 000 | 00461nam a2200169 i 4500 | ||
|---|---|---|---|
| 001 | bgj | ||
| 100 | 1 |
_aVERNE, Jules _d(1828-1905). |
|
| 245 | 1 | 0 |
_aA journey to the center of the Earth / _cJules Verne. |
| 260 |
_aNew York : _bScholastic Books Services, _c1970. |
||
| 300 |
_a316 pp ; _c16 cm. |
||
| 650 | 9 | _aScience fiction | |
| 650 | 9 | _aAdventure fiction | |
| 040 | _cBPK | ||
| 041 | 1 |
_aeng _hfre |
|
| 942 | _cKS | ||
| 008 | s uk f |000 0 eng | ||
| 999 |
_c48870 _d48870 |
||
| 856 |
_uhttp://koha.tu.koszalin.pl/cgi-bin/koha/opac-detail.pl?biblionumber=48870 _yKatalog online BPK |
||